| 000 | 00664nam a2200169Ia 4500 | ||
|---|---|---|---|
| 008 | 090711s9999 xx 000 0 und d | ||
| 082 | _b1556 | ||
| 100 | _aघाणेकर मधुसूदन | ||
| 245 | _aतुमSाा हात तुम्हीSा पहा | ||
| 260 |
_bइंद्रायणी साहित्य प्रकाशन _c1999 |
||
| 300 | _a63 | ||
| 600 | _aघाणेकर मधुसूदन | ||
| 630 | _aतुमSाा हात तुम्हीSा पहा | ||
| 700 | _aघाणेकर मधुसूदन | ||
| 730 | _aतुमSाा हात तुम्हीSा पहा | ||
| 942 | _cBOOK | ||
| 999 |
_c336531 _d336531 |
||